|
|
|
|
| LEADER |
00979nam a2200229 i 4500 |
| 003 |
GR-PaULI |
| 005 |
20210117210953.0 |
| 008 |
170831s1996 gr g 000 j gre d |
| 952 |
|
|
|0 0
|1 0
|2 ddc
|4 0
|6 Π_Σ_782_421000000000000_624_95_ΠΑΡ
|7 0
|9 235547
|a LISP
|b LISP
|c REF
|d 2019-09-27
|i 141019
|l 0
|o Π/Σ 782.421 624 95 ΠΑΡ
|p 025000264965
|r 2019-09-27 00:00:00
|t 1
|v 2019.00
|w 2019-09-27
|y BKN
|
| 999 |
|
|
|c 142710
|d 142710
|
| 020 |
|
|
|a 960205347Χ
|
| 040 |
|
|
|a GR-PaULI
|b gre
|c GR-PaULI
|e AACR2
|
| 082 |
0 |
4 |
|2 23
|a 782.421 624 95
|
| 245 |
0 |
0 |
|a Παραλογές :
|b δημοτική ποίηση.
|
| 260 |
|
|
|a Αθήνα :
|b Επικαιρότητα,
|c 1996.
|
| 300 |
|
|
|a 51 σ. ;
|c 18 εκ.
|
| 490 |
1 |
|
|a Νεοελληνική ανθολογία (Επικαιρότητα)
|v 7.
|
| 650 |
|
4 |
|9 28537
|a Δημοτικά τραγούδια
|
| 740 |
|
|
|a
|
| 830 |
|
0 |
|9 178029
|a Νεοελληνική ανθολογία (Επικαιρότητα)
|v 7.
|
| 942 |
|
|
|2 ddc
|c BKN
|
| 998 |
|
|
|c ΜΠΟΥΡΑΣ
|d 2019-09
|